Candidats de la Star Académy (2022-2025) - Statistiques

Statistiques générales
  • Ce quiz a été pris 91 fois
  • Le résultat moyen est 45 sur 58
Statistiques - réponses
Hint Réponse % Correct
2025 Théo P
100%
2025 Théo L
98%
2023 Pierre
97%
2024 Julie
95%
2025 Ambre
94%
2023 Helena
94%
2022 Léa
94%
2025 Léa
94%
2025 Léo
92%
2024 Marine
92%
2025 Victor
92%
2025 Anouk
91%
2025 Lenny
91%
2024 Ebony
89%
2022 Julien
89%
2023 Julien
89%
2025 Sarah
89%
2022 Anisha
88%
2025 Jeanne
88%
2023 Lénie
88%
2024 Emma
86%
2024 Charles
83%
2025 Mélissa
83%
2024 Ulysse
83%
2024 Noah
82%
2025 Noah
82%
2025 Léane
80%
2022 Louis
80%
2023 Louis
80%
2025 Medhi
80%
2023 Victorien
80%
2023 Djebril
77%
2025 Ema
77%
2024 Franck
77%
2025 Lily
77%
2023 Axel
76%
2022 Enola
76%
2024 Marguerite
76%
2024 Paul
74%
2023 Candice
71%
2024 Thomas
71%
2023 Margot
70%
2023 Clara
68%
2023 Marie-Maud
68%
2025 Bastiaan
67%
2023 Lola
64%
2024 Maia
64%
2024 Masseo
64%
2024 Maylis
64%
2024 Maureen
62%
2022 Stanislas
61%
2022 Carla
58%
2022 Paola
55%
2022 Chris
50%
2022 Tiana
48%
2022 Ahcène
47%
2022 Cenzo
47%
2022 Amisse
45%
Aucun quiz correspondant
Distribution des résultats
% des personnes avec chaque résultat
Percentile par nombre de réponses
Votre historique - résultats
Vous n’avez pas pris ce quiz